Statistiques concernant Culture Générale - Série 1350

Cliquez ici pour prendre le quiz!

Statistiques générales

  • Ce quiz a été pris 64 fois
  • Le résultat moyen est 5 sur 10

Statistiques - réponses

QuestionRéponse% Correct
Par quelle couleur désigne-t-on la viande de boeuf, de cheval ou de mouton ?rouge
95%
Quel philosophe grec, auteur du "Banquet", a transmis l'enseignement de Socrate dans ses dialogues ?Platon
77%
Quelle étoffe de coton à carreaux, immortalisée par Brigitte Bardot lors de son mariage en 1959, porte le nom d'une ville de l'Allier ?vichy
77%
Dans quel pays d'Afrique se situe le point culminant du continent ?Tanzanie
67%
Quel État du Proche-Orient est couvert sur plus de la moitié de sa surface par le désert du Néguev ?Israël
57%
Quel cycliste belge était surnommé le “Cannibale” ?Eddy Merckx
43%
Dans le film “Les Bronzés”, quel est le prénom de l'esthéticienne revêche en quête d'aventures amoureuses ?Christiane
33%
Quel duo français, composé de Sacha Goëller et William Picard, nous promettait une "Nuit de folie" en 1988 ?Début de soirée
33%
Quel acteur incarne l'assistant de Karl Malden dans la série télévisée “Les Rues de San Francisco”, en 1972 ?Michael Douglas
15%
Quel homme politique français est nommé ministre de l'Éducation nationale, en mai 1995 ?François Bayrou
8%

Distribution des résultats

Percentile par nombre de réponses

% des personnes avec chaque résultat

Votre développement - résultats

Vous n’avez pas pris ce quiz